000 00602nam a2200205Ia 4500
003 OSt
005 20240905101207.0
008 210423s2009 xx 000 0 und d
020 _a108184049764
040 _cAL
041 _aeng
082 _a658.155
_223
_bLAKI
100 _aRamesh Lakshman
_984447
245 _aIntroduction to foreign exchange and financial risk management
260 _aNew Delhi
_bShroff Publishers & Distributors
_c2009
300 _axi,330.
_bPB
365 _b350
_cINR
906 _aexchange ; financial ; foreign ; Introduction ; management. ; risk
942 _2ddc
_cBK
999 _c157015
_d157015